MK8DX 150cc 3DS Piranha Plant Slide WR History - Statistics

General Stats
  • This quiz has been taken 5 times
  • The average score is 26 of 59
Answer Stats
Time Player % Correct
1'59"889 Alberto
100%
1'59"623 Alberto
100%
1'59"407 Alberto
100%
1'59"183 Pii
100%
1'59"142 Pii
100%
1'59"105 Pii
100%
1'59"089 Pii
100%
1'59"082 Pii
100%
1'59"060 Pii
100%
1'58"997 Pii
100%
2'00"476 そうめん
60%
2'00"332 そうめん
60%
2'00"317 そうめん
60%
2'00"264 そうめん
60%
2'00"195 そうめん
60%
2'00"049 そうめん
60%
1'59"915 そうめん
60%
2'01"932 Danny
60%
2'01"851 Danny
60%
2'01"092 ちゃあああ
40%
2'00"984 ちゃあああ
40%
2'00"914 ちゃあああ
40%
2'00"829 ちゃあああ
40%
2'00"774 ちゃあああ
40%
2'00"487 ちゃあああ
40%
2'00"417 ちゃあああ
40%
2'00"066 ちゃあああ
40%
1'59"610 しらぬい
40%
1'59"427 しらぬい
40%
1'59"320 しらぬい
40%
1'59"224 しらぬい
40%
2'06"120 れいぜ
20%
2'05"766 れいぜ
20%
2'04"859 カニ
20%
2'03"980 ぺんぎんさむらい
20%
2'02"700 ぺんぎんさむらい
20%
2'02"160 ぺんぎんさむらい
20%
2'02"119 ぺんぎんさむらい
20%
2'02"071 ぺんぎんさむらい
20%
2'01"945 ぺんぎんさむらい
20%
2'01"827 ぺんぎんさむらい
20%
2'01"773 ぺんぎんさむらい
20%
2'01"754 ぺんぎんさむらい
20%
2'01"713 ぺんぎんさむらい
20%
2'01"603 ぺんぎんさむらい
20%
2'01"597 ふうすけ
20%
2'00"736 ふうすけ
20%
2'06"418 7step
20%
2'01"360 Alice
20%
2'01"122 Alice
20%
2'01"057 Alice
20%
2'04"851 K4I
20%
2'01"798 Lyte
20%
2'01"571 Ryan's
20%
2'01"567 Ryan's
20%
2'01"519 Ryan's
20%
2'01"273 Ryan's
20%
2'06"196 Xander
20%
2'06"077 Xander
20%
No matching quizzes found
Score Distribution
Percent of People with Each Score
Percentile by Number Answered
Your Score History
You have not taken this quiz